000 00293nam a2200109Ia 4500
001 1272311
005 20260417151426.0
008 260417s9999 xx 000 0 und d
020 _a9786255998040
245 0 _aKüçük Tavşan’ın Büyük Sürprizi
_cSwapna Haddow
260 _bKetebe Çocuk
999 _c1272311
_d1272311